000
00250nam a2200109Ia 4500
008
190911s9999||||xx |||||||||||||| ||und||
100
_a
Philip Kotler
245
0
_a
Marketing Management
260
_a
New Delhi
_b
CRC
_c
1998
300
_a
789
942
_c
BK
999
_c
6850
_d
6850